European Actors - Sudden Death - Statistics

General Stats
  • This quiz has been taken 1,550 times
    670 since last reset
  • The average score is 18 of 50
Answers on the Grid
Answers color-coded by a green-red scale on the quiz's grid according to % correct below.
Christoph Waltz
Alain Delon
Omar Sharif
Javier Bardem
Chow Yun-fat
Keanu Reeves
Anthony Hopkins
Jackie Chan
Daniel Day-Lewis
Arnold Vosloo
Jean-Paul Belmondo
Ken Watanabe
Jean Reno
Raj Kapoor
Aamir Khan
Sean Connery
Cillian Murphy
Alan Rickman
Seth Rogen
Peter O'Toole
Jet Li
Rutger Hauer
Hiroyuki Sanada
Andy Lau
Gary Oldman
Takeshi Kitano
Mads Mikkelsen
Charlie Chaplin
Diego Luna
Idris Elba
Daniel Craig
Kang-ho Song
Gérard Depardieu
Ewan McGregor
Toshiro Mifune
Colin Farrell
Richard Burton
Sonny Chiba
Bruno Ganz
Amitabh Bachchan
David Tennant
Chris Hemsworth
Ryan Gosling
Ryan Reynolds
Michael Caine
Tony Leung Chiu-wai
Pierce Brosnan
Michael Peña
Choi Min-sik
Daniel Brühl
Antonio Banderas
Danny Trejo
Rhys Ifans
Robbie Coltrane
Wagner Moura
Max von Sydow
Cliff Curtis
Taron Egerton
Mel Gibson
Liam Neeson
Rodrigo Santoro
Eric Bana
Vincent Cassel
Russell Crowe
George Lazenby
Marcello Mastroianni
Donnie Yen
Ben Whishaw
Édgar Ramírez
Michael Fassbender
Bela Lugosi
Oscar Isaac
John Leguizamo
Dilip Kumar
Til Schweiger
Vittorio Gassman
Pedro Pascal
Gerard Butler
John Kani
Heath Ledger
Stellan Skarsgård
Djimon Hounsou
Peter Capaldi
Shah Rukh Khan
Brendan Gleeson
Michael Sheen
Ricardo Darín
Alexander Skarsgård
Leslie Nielsen
Jean Dujardin
Pete Edochie
Aleksei Serebryakov
Luis Guzmán
Omar Sy
Andy Garcia
Michael J. Fox
Michael Gambon
Chaim Topol
Vladimir Mashkov
 
Answer Stats
Answer % Correct
Christoph Waltz
60%
Cillian Murphy
60%
Daniel Craig
60%
Ewan McGregor
58%
Mads Mikkelsen
57%
Sean Connery
56%
Gérard Depardieu
54%
Alan Rickman
51%
Gary Oldman
50%
Anthony Hopkins
49%
Pierce Brosnan
49%
Liam Neeson
48%
Javier Bardem
46%
Michael Caine
46%
Alexander Skarsgård
45%
Colin Farrell
45%
Stellan Skarsgård
45%
Alain Delon
42%
Daniel Day-Lewis
42%
Idris Elba
42%
Antonio Banderas
40%
Charlie Chaplin
38%
David Tennant
38%
Jean-Paul Belmondo
38%
Jean Reno
38%
Michael Fassbender
38%
Peter O'Toole
38%
Vincent Cassel
34%
Daniel Brühl
32%
Max von Sydow
32%
Richard Burton
32%
Robbie Coltrane
31%
Rhys Ifans
30%
Taron Egerton
30%
Jean Dujardin
27%
Brendan Gleeson
25%
Gerard Butler
25%
Marcello Mastroianni
25%
Michael Gambon
23%
Rutger Hauer
23%
Peter Capaldi
21%
Vladimir Mashkov
21%
Omar Sy
20%
Bruno Ganz
19%
Ben Whishaw
18%
Michael Sheen
18%
Aleksei Serebryakov
17%
Bela Lugosi
17%
Til Schweiger
17%
Vittorio Gassman
12%
No matching quizzes found
Score Distribution
Percent of People with Each Score
Percentile by Number Answered
Your Score History
You have not taken this quiz since the last reset